Butlletí interior /
Descripción Física:
1 exemplars periodicitat desconeguda ; 28 cm
Materias:
Federació Nacional d'Estudiants de Catalunya
; Associacions d'estudiants -- Catalunya -- Revistes
; Revistes
Idioma:
Catalán
MARC
| LEADER | 00000nas a2200000 a 4500 | ||
|---|---|---|---|
| 001 | 28520 | ||
| 003 | Arxiu | ||
| 005 | 20260324180142.0 | ||
| 008 | 160829s19361937spc n p xx cat c | ||
| 040 | |a AGDB | ||
| 110 | |a Federació Nacional d'Estudiants de Catalunya. |b Consell Local de Barcelona |9 71075 | ||
| 245 | 0 | 0 | |a Butlletí interior / |c F.N.E.C. Consell Local Barcelona |
| 260 | |a Barcelona : |b FNEC ; |c 1937- | ||
| 300 | |a 1 exemplars |b periodicitat desconeguda ; |c 28 cm | ||
| 310 | |a Desconeguda | ||
| 590 | |a Periodicitat desconeguda. | ||
| 610 | 2 | 0 | |9 56353 |a Federació Nacional d'Estudiants de Catalunya |
| 650 | 0 | |a Associacions d'estudiants |x Catalunya |x Revistes |9 47935 |2 Arxiu | |
| 655 | 0 | |9 55823 |a Revistes | |
| 710 | 2 | |9 56353 |a Federació Nacional d'Estudiants de Catalunya |e entitat editora | |
| 866 | |a Núm. 2 (1937) | ||
| 901 | |a Arxiu | ||
| 942 | |n 1 |2 udc |c REV | ||
| 952 | |0 0 |1 0 |4 0 |6 REV2353 |7 1 |9 54212 |a Arxiu |b Arxiu |d 2012-08-13 |h Núm. 2 (10 setembre 1937) |o Rev-2353 |p 28520 |r 2016-12-01 00:00:00 |w 2016-12-01 |y ARXIU | ||
| 999 | |c 58081 |d 58081 | ||